Small arms & cannons / (Record no. 566567)

000 -LEADER
fixed length control field 00959pam a2200313 a 4500
001 - CONTROL NUMBER
control field 2331772
003 - CONTROL NUMBER IDENTIFIER
control field CEME
005 - DATE AND TIME OF LATEST TRANSACTION
control field 20210628201615.0
008 - FIXED-LENGTH DATA ELEMENTS--GENERAL INFORMATION
fixed length control field 820303s1982 enka b 001 0 eng
010 ## - LIBRARY OF CONGRESS CONTROL NUMBER
LC control number 82003801
020 ## - INTERNATIONAL STANDARD BOOK NUMBER
International Standard Book Number 0080283306 :
Terms of availability $26.00 (est.)
020 ## - INTERNATIONAL STANDARD BOOK NUMBER
International Standard Book Number 0080283314 (pbk.) :
Terms of availability $13.00 (est.)
040 ## - CATALOGING SOURCE
Original cataloging agency DLC
Transcribing agency DLC
Modifying agency DLC
050 00 - LIBRARY OF CONGRESS CALL NUMBER
Classification number UD380
Item number .M37 1982
082 00 - DEWEY DECIMAL CLASSIFICATION NUMBER
Classification number 623.4/4
Edition number 19
100 2# - MAIN ENTRY--PERSONAL NAME
Personal name Marchant Smith, C. J.
9 (RLIN) 55993
245 10 - TITLE STATEMENT
Title Small arms & cannons /
Statement of responsibility, etc. C.J. Marchant Smith and P.R. Haslam.
250 ## - EDITION STATEMENT
Edition statement 1st ed.
260 ## - PUBLICATION, DISTRIBUTION, ETC.
Place of publication, distribution, etc. Oxford ;
-- New York :
Name of publisher, distributor, etc. Brassey's Publishers,
Date of publication, distribution, etc. 1982.
300 ## - PHYSICAL DESCRIPTION
Extent xvi, 202 p. :
Other physical details ill. ;
Dimensions 26 cm.
440 #0 - SERIES STATEMENT/ADDED ENTRY--TITLE
Title Battlefield weapons systems & technology ;
Volume/sequential designation v. 5
9 (RLIN) 55994
500 ## - GENERAL NOTE
General note Includes index.
504 ## - BIBLIOGRAPHY, ETC. NOTE
Bibliography, etc. note Bibliography: p. 197.
650 #0 - SUBJECT ADDED ENTRY--TOPICAL TERM
Topical term or geographic name entry element Firearms.
9 (RLIN) 55995
650 #0 - SUBJECT ADDED ENTRY--TOPICAL TERM
Topical term or geographic name entry element Ordnance.
9 (RLIN) 42175
700 1# - ADDED ENTRY--PERSONAL NAME
Personal name Haslam, P. R.
9 (RLIN) 55996
740 0# - ADDED ENTRY--UNCONTROLLED RELATED/ANALYTICAL TITLE
Uncontrolled related/analytical title Small arms and cannons.
942 ## - ADDED ENTRY ELEMENTS (KOHA)
Source of classification or shelving scheme
Koha item type Book
Holdings
Withdrawn status Lost status Source of classification or shelving scheme Damaged status Not for loan Permanent Location Current Location Shelving location Date acquired Full call number Barcode Date last seen Price effective from Koha item type Public note Total Checkouts
          College of Electrical & Mechanical Engineering (CEME) College of Electrical & Mechanical Engineering (CEME) General Stacks 03/10/2017 623.44BRA SMI CEME-47582 06/28/2021 06/28/2021 Book 1.1  
          College of Electrical & Mechanical Engineering (CEME) College of Electrical & Mechanical Engineering (CEME) General Stacks 03/10/2017 623.44BRA SMI CEME-47583 06/28/2021 06/28/2021 Book 1.1  
          College of Electrical & Mechanical Engineering (CEME) College of Electrical & Mechanical Engineering (CEME) General Stacks 03/10/2017 623.44BRA SMI CEME-47584 06/28/2021 06/28/2021 Book 1.1  
          College of Electrical & Mechanical Engineering (CEME) College of Electrical & Mechanical Engineering (CEME) General Stacks 03/10/2017 623.44BRA SMI CEME-47585 06/28/2021 06/28/2021 Book 1.1  
          College of Electrical & Mechanical Engineering (CEME) College of Electrical & Mechanical Engineering (CEME) General Stacks 03/10/2017 623.44BRA SMI CEME-47586 06/28/2021 06/28/2021 Book 1.1  
          College of Electrical & Mechanical Engineering (CEME) College of Electrical & Mechanical Engineering (CEME) General Stacks 03/10/2017 623.44BRA SMI CEME-47587 06/28/2021 06/28/2021 Book 1.1  
          College of Electrical & Mechanical Engineering (CEME) College of Electrical & Mechanical Engineering (CEME) General Stacks 03/10/2017 623.44BRA SMI CEME-47588 06/28/2021 06/28/2021 Book    
          College of Electrical & Mechanical Engineering (CEME) College of Electrical & Mechanical Engineering (CEME) General Stacks 03/10/2017 623.44BRA SMI CEME-47589 06/28/2021 06/28/2021 Book 1.1  
          College of Electrical & Mechanical Engineering (CEME) College of Electrical & Mechanical Engineering (CEME) General Stacks 03/10/2017 623.44BRA SMI CEME-47590 06/28/2021 06/28/2021 Book 1.1  
          College of Electrical & Mechanical Engineering (CEME) College of Electrical & Mechanical Engineering (CEME) General Stacks 03/10/2017 623.44BRA SMI CEME-47591 06/28/2021 06/28/2021 Book 1.1  
          College of Electrical & Mechanical Engineering (CEME) College of Electrical & Mechanical Engineering (CEME) General Stacks 03/10/2017 623.44BRA SMI CEME-47592 06/28/2021 06/28/2021 Book    
          College of Electrical & Mechanical Engineering (CEME) College of Electrical & Mechanical Engineering (CEME) General Stacks 03/10/2017 623.44BRA SMI CEME-47593 06/28/2021 06/28/2021 Book 1.1  
          College of Electrical & Mechanical Engineering (CEME) College of Electrical & Mechanical Engineering (CEME) General Stacks 03/10/2017 623.44BRA SMI CEME-47594 06/28/2021 06/28/2021 Book    
          College of Electrical & Mechanical Engineering (CEME) College of Electrical & Mechanical Engineering (CEME) General Stacks 03/10/2017 623.44BRA SMI CEME-47595 06/28/2021 06/28/2021 Book 1.1  
          College of Electrical & Mechanical Engineering (CEME) College of Electrical & Mechanical Engineering (CEME) General Stacks 03/10/2017 623.44BRA SMI CEME-47596 06/28/2021 06/28/2021 Book   1
          College of Electrical & Mechanical Engineering (CEME) College of Electrical & Mechanical Engineering (CEME) General Stacks 03/10/2017 623.44BRA SMI CEME-47597 06/28/2021 06/28/2021 Book    
          College of Electrical & Mechanical Engineering (CEME) College of Electrical & Mechanical Engineering (CEME) General Stacks 03/10/2017 623.44BRA SMI CEME-47598 06/28/2021 06/28/2021 Book 1.1  
          College of Electrical & Mechanical Engineering (CEME) College of Electrical & Mechanical Engineering (CEME) General Stacks 03/10/2017 623.44BRA SMI CEME-47599 06/28/2021 06/28/2021 Book 1.1  
          College of Electrical & Mechanical Engineering (CEME) College of Electrical & Mechanical Engineering (CEME) General Stacks 03/10/2017 623.44BRA SMI CEME-47600 06/28/2021 06/28/2021 Book 1.1  
          College of Electrical & Mechanical Engineering (CEME) College of Electrical & Mechanical Engineering (CEME) General Stacks 03/10/2017 623.44BRA SMI CEME-47601 06/28/2021 06/28/2021 Book 1.1  
          College of Electrical & Mechanical Engineering (CEME) College of Electrical & Mechanical Engineering (CEME) General Stacks 05/09/2017 623.4/4 CEME-15385 06/28/2021 06/28/2021 Book 1.1  
© 2023 Central Library, National University of Sciences and Technology. All Rights Reserved.